| 000 | 00527pab a2200181 454500 | ||
|---|---|---|---|
| 008 | 180718b2008 xxu||||| |||| 00| 0 eng d | ||
| 100 | _aPandey, Sanjay Kumar | ||
| 245 | _aFiscal arrangements between national and sub-national governments: perspectives from India and Italy | ||
| 260 | _c2008 | ||
| 300 | _ap.40-57. | ||
| 650 | _aFeralism - Italy | ||
| 650 | _aFederalism - India | ||
| 650 | _aFederalism | ||
| 700 | _aBadriotti, Augusta | ||
| 773 | _aIndian Journal of Federal Studies | ||
| 908 | _aN | ||
| 909 | _a81039 | ||
| 999 |
_c81039 _d81039 |
||